000 00306nam a2200133Ia 4500
008 240624s9999 xx 000 0 und d
041 _aeng
082 _a823 DIX
100 _aDIXIT VARSHA
245 _aRIGHT FIT WRONG SHOE
260 _c2009
_aNew Delhi
_bRupa & Co.
300 _a248 : p.
365 _cRS
999 _c17168
_d17168